[Event "DEM U16 2016"]
[Site "Willingen GER"]
[Date "2016.05.15"]
[Round "2"]
[White "Wiesner, Alexander"]
[Black "Schröder, Kevin"]
[Result "0-1"]
[Termination "normal"]
[Board "11"]
[WhiteElo "1832"]
[BlackElo "2361"]
[WhiteClock "00:14:53"]
[BlackClock "01:03:12"]
[PlyCount "48"]
[WhiteFideId "12943991"]
[BlackFideId "12929840"]
[EventCountry "GER"]
[EventRounds "9"]
[EventType "swiss"]
[EventDate "2016.05.14"]

1. e4 c5 2. Nf3 d6 3. b4 Nf6 4. bxc5 dxc5 5. Nc3 Nc6 6. Bc4 e6 7. O-O Be7 8. d3
O-O 9. Bb2 b6 10. Ne2 Na5 11. Nd2 Qc7 12. a4 Rd8 13. f4 Nxe4 14. Be5 Nd6 15.
Ba2 Nc6 16. Bc3 Nf5 17. Nc4 Bb7 18. Qb1 Ncd4 19. Nxd4 Nxd4 20. Rf2 Bh4 21. Rd2
Qxf4 22. Qf1 Qxf1+ 23. Rxf1 Bd5 24. Bb3 Bg5 0-1

[Event "DEM U16 2016"]
[Site "Willingen GER"]
[Date "2016.05.15"]
[Round "2"]
[White "Martin, Julian"]
[Black "Savchenko, Daniel"]
[Result "0-1"]
[Termination "normal"]
[Board "12"]
[WhiteElo "2325"]
[BlackElo "1955"]
[WhiteClock "00:30:17"]
[BlackClock "00:13:59"]
[PlyCount "62"]
[WhiteFideId "12941000"]
[BlackFideId "12919195"]
[EventCountry "GER"]
[EventRounds "9"]
[EventType "swiss"]
[EventDate "2016.05.14"]

1. e4 c5 2. Nf3 d6 3. d4 cxd4 4. Nxd4 Nf6 5. Nc3 e6 6. g4 Nfd7 7. g5 Be7 8. h4
a6 9. Be3 b5 10. a3 Bb7 11. Rg1 Nc6 12. Nxc6 Bxc6 13. h5 O-O 14. g6 f5 15. h6
hxg6 16. Rxg6 Ne5 17. Rxg7+ Kh8 18. Qh5 Bxe4 19. Nxe4 fxe4 20. O-O-O Rc8 21.
Bg2 Rf5 22. Qh3 Nd3+ 23. Kb1 Qc7 24. cxd3 Qc2+ 25. Ka2 b4 26. Qg4 Bf6 27. Rb1
Ra5 28. Rh7+ Kxh7 29. Qxe4+ Kh8 30. Qxb4 Rb5 31. Qd2 Qb3+ 0-1

[Event "DEM U16 2016"]
[Site "Willingen GER"]
[Date "2016.05.15"]
[Round "2"]
[White "Kitze, Alexander"]
[Black "Piskaykin, Bogdan"]
[Result "1-0"]
[Termination "normal"]
[Board "13"]
[WhiteElo "2231"]
[BlackElo "1869"]
[WhiteClock "00:00:57"]
[BlackClock "00:01:16"]
[PlyCount "195"]
[WhiteFideId "12914827"]
[BlackFideId "12941212"]
[EventCountry "GER"]
[EventRounds "9"]
[EventType "swiss"]
[EventDate "2016.05.14"]

1. e4 c5 2. Nf3 d6 3. d4 cxd4 4. Nxd4 Nf6 5. Nc3 a6 6. Be3 e6 7. g4 h6 8. h3 b5
9. Bg2 b4 10. Nce2 Bb7 11. Ng3 Nbd7 12. Qd2 d5 13. exd5 Nxd5 14. O-O-O N7b6 15.
Qe2 Be7 16. Ndf5 O-O 17. Nxe7+ Qxe7 18. Bxb6 Nxb6 19. Bxb7 Qxb7 20. g5 Qc7 21.
h4 Qf4+ 22. Kb1 Nd5 23. Ne4 a5 24. gxh6 Qxh6 25. Ng5 a4 26. Qe5 Ra5 27. Ka1
Rfa8 28. Rdg1 a3 29. b3 Ne7 30. Qf4 Rf5 31. Qxb4 Qf6+ 32. c3 Rf4 33. Qc5 Rc8
34. Qxa3 Rxc3 35. Kb1 Qf5+ 36. Ka1 Rc2 37. Rc1 Qf6+ 38. Kb1 Rxc1+ 39. Rxc1 g6
40. Rc2 Kg7 41. Qb2 Rxh4 42. Qxf6+ Kxf6 43. Nf3 Rh3 44. Nd4 Ke5 45. Nb5 Nd5 46.
Kb2 g5 47. a4 Nb4 48. Rc5+ Kf6 49. Ka3 Nd3 50. Rc2 g4 51. Nd6 Ke5 52. Nxf7+ Kd5
53. a5 Nc5 54. Rb2 Kc6 55. Ne5+ Kb5 56. Nxg4 Kxa5 57. Ne3 Nd3 58. Rd2 Ne5 59.
Rd6 Rh6 60. Nf5 Nf7 61. b4+ Kb5 62. Rxe6 Rh3+ 63. Re3 Rh1 64. Re7 Nd8 65. Nd6+
Kc6 66. Nf7 Nb7 67. Ne5+ Kb6 68. Nc4+ Ka6 69. Kb3 Rh3+ 70. Re3 Rh4 71. Re6+ Ka7
72. Re7 Kb8 73. Rf7 Nd8 74. Rf6 Kc7 75. b5 Rh5 76. Kb4 Rh1 77. Rf8 Rb1+ 78. Ka4
Ra1+ 79. Na3 Nb7 80. Rf7+ Kb6 81. Kb4 Nd6 82. Rf6 Kc7 83. b6+ Kc6 84. b7 Kxb7
85. Rxd6 Rf1 86. Rf6 Kc7 87. Nc4 Kd7 88. Ne3 Rc1 89. Rf4 Ke7 90. Rc4 Rb1+ 91.
Kc3 Kf6 92. Kd2 Ke5 93. Ke2 Rb2+ 94. Kf3 Rb8 95. Rc5+ Kf6 96. Ke4 Rb2 97. f4
Rb4+ 98. Rc4 1-0

[Event "DEM U16 2016"]
[Site "Willingen GER"]
[Date "2016.05.15"]
[Round "2"]
[White "Zimmer, Luca"]
[Black "Silber, Kevin"]
[Result "0-1"]
[Termination "normal"]
[Board "14"]
[WhiteElo "1598"]
[BlackElo "1956"]
[WhiteClock "00:52:06"]
[BlackClock "00:27:01"]
[PlyCount "52"]
[WhiteFideId "12921424"]
[BlackFideId "12930440"]
[EventCountry "GER"]
[EventRounds "9"]
[EventType "swiss"]
[EventDate "2016.05.14"]

1. e4 e5 2. Nf3 Nc6 3. Bc4 Bc5 4. O-O Nf6 5. d4 Bxd4 6. Nxd4 Nxd4 7. f4 d6 8.
fxe5 dxe5 9. Bg5 Be6 10. Bxe6 Nxe6 11. Qxd8+ Rxd8 12. Bxf6 gxf6 13. Rxf6 Ke7
14. Rf5 Rd1+ 15. Rf1 Rhd8 16. Nc3 Rxa1 17. Nd5+ Rxd5 18. Rxa1 Rd2 19. Rc1 Nf4
20. Kh1 Rxg2 21. h4 Re2 22. Rg1 Rxc2 23. Rg5 Ke6 24. Rg8 Ng6 25. h5 Nh4 26. Rg7
Nf3 0-1

[Event "DEM U16 2016"]
[Site "Willingen GER"]
[Date "2016.05.15"]
[Round "2"]
[White "Tiarks, Jann-Christian"]
[Black "Wurst, Maximilian"]
[Result "1-0"]
[Termination "normal"]
[Board "15"]
[WhiteElo "1983"]
[BlackElo "1751"]
[WhiteClock "01:26:05"]
[BlackClock "01:11:36"]
[PlyCount "47"]
[WhiteFideId "12951595"]
[BlackFideId "12971812"]
[EventCountry "GER"]
[EventRounds "9"]
[EventType "swiss"]
[EventDate "2016.05.14"]

1. e4 e5 2. Nf3 Nc6 3. d4 exd4 4. Nxd4 Nxd4 5. Qxd4 d6 6. Nc3 Nf6 7. Be3 Be6 8.
Be2 Qd7 9. h3 Be7 10. f4 c5 11. Qd2 Qc7 12. O-O-O a6 13. Bf3 Rb8 14. g4 h6 15.
Rhe1 b5 16. f5 Bd7 17. Bf4 Rb6 18. e5 dxe5 19. Bxe5 Qa7 20. Bxf6 Rxf6 21. Nd5
Rd6 22. Rxe7+ Kf8 23. Qe3 Qb8 24. Qxc5 1-0

[Event "DEM U16 2016"]
[Site "Willingen GER"]
[Date "2016.05.16"]
[Round "3"]
[White "Schmidek, Emil"]
[Black "Urban, Konstantin"]
[Result "0-1"]
[Termination "normal"]
[Board "1"]
[WhiteElo "2242"]
[BlackElo "2242"]
[WhiteClock "00:01:06"]
[BlackClock "00:10:24"]
[PlyCount "86"]
[WhiteFideId "12908150"]
[BlackFideId "12927511"]
[EventCountry "GER"]
[EventRounds "9"]
[EventType "swiss"]
[EventDate "2016.05.14"]

1. e4 c5 2. Nf3 d6 3. d4 cxd4 4. Nxd4 Nf6 5. Nc3 e6 6. Bd3 Nc6 7. Nb3 Be7 8.
O-O O-O 9. f4 e5 10. f5 Nb4 11. Bg5 d5 12. Bxf6 Bxf6 13. exd5 Nxd5 14. Nxd5
Qxd5 15. Qe2 Bd7 16. Be4 Qd6 17. Qf3 Qb6+ 18. Kh1 Rac8 19. c3 Bc6 20. Bxc6 Rxc6
21. Rad1 h6 22. Rd7 Rd8 23. Qd5 Rxd7 24. Qxd7 Rc7 25. Qd3 Rc8 26. Qe4 Rd8 27.
h3 Qb5 28. Re1 b6 29. Qe2 Qa4 30. Nd2 Bh4 31. Rf1 Qc2 32. Qg4 Rxd2 33. Qxh4
Rxg2 34. Qd8+ Kh7 35. Qd5 e4 36. Qe5 Qe2 37. Rg1 Rxg1+ 38. Kxg1 Qe3+ 39. Kg2
Qf3+ 40. Kh2 Qf2+ 41. Kh1 e3 42. f6 e2 43. Qe4+ g6 0-1

[Event "DEM U16 2016"]
[Site "Willingen GER"]
[Date "2016.05.16"]
[Round "3"]
[White "Lagunow, Raphael"]
[Black "Pallas, Sebastian"]
[Result "0-1"]
[Termination "normal"]
[Board "2"]
[WhiteElo "2311"]
[BlackElo "2225"]
[WhiteClock "00:02:01"]
[BlackClock "00:14:54"]
[PlyCount "136"]
[WhiteFideId "24652644"]
[BlackFideId "12905453"]
[EventCountry "GER"]
[EventRounds "9"]
[EventType "swiss"]
[EventDate "2016.05.14"]

1. c4 Nf6 2. Nc3 d5 3. cxd5 Nxd5 4. g3 Nb6 5. Bg2 Nc6 6. d3 g6 7. Be3 Bg7 8.
Qd2 Nd4 9. Rc1 Nf5 10. Bc5 O-O 11. Nf3 Re8 12. O-O e5 13. e3 Be6 14. Rfd1 c6
15. Qc2 Qc7 16. b3 Rad8 17. Ba3 Nd6 18. d4 Bf5 19. e4 Bg4 20. dxe5 Bxe5 21. h3
Bxf3 22. Bxf3 Bxc3 23. Qxc3 Nb5 24. Qb2 Nxa3 25. Qxa3 Nc8 26. Qb2 Nd6 27. Re1
Nb5 28. Red1 Qb6 29. Bg2 Nd4 30. h4 Ne6 31. Qf6 Nd4 32. Re1 Re6 33. Qf4 Red6
34. e5 Ne6 35. Qf6 Rd2 36. Bh3 Re8 37. Rcd1 Qd4 38. Rxd2 Qxd2 39. Re3 Nd4 40.
Kh2 Nf5 41. Rf3 Re6 42. Qg5 Qxg5 43. hxg5 Rxe5 44. Bf1 Kf8 45. Rd3 Ke7 46. a3
Rd5 47. Kg2 Rxd3 48. Bxd3 Nd4 49. b4 Nb5 50. Bxb5 cxb5 51. Kf3 f6 52. gxf6+
Kxf6 53. Kf4 h5 54. Ke4 g5 55. f4 gxf4 56. Kxf4 Kg6 57. Ke3 Kg5 58. Kf3 Kf5 59.
Kf2 Kg4 60. Kg2 a6 61. Kf2 Kh3 62. Kf3 Kh2 63. Kf2 b6 64. Kf3 Kg1 65. Ke3 Kg2
66. Kf4 Kf2 67. g4 hxg4 68. Kxg4 Ke3 0-1

[Event "DEM U16 2016"]
[Site "Willingen GER"]
[Date "2016.05.16"]
[Round "3"]
[White "Kololli, Martin"]
[Black "Kololli, Kevin"]
[Result "1/2-1/2"]
[Termination "normal"]
[Board "3"]
[WhiteElo "2259"]
[BlackElo "2164"]
[WhiteClock "01:39:45"]
[BlackClock "01:39:51"]
[PlyCount "50"]
[WhiteFideId "12936910"]
[BlackFideId "12936863"]
[EventCountry "GER"]
[EventRounds "9"]
[EventType "swiss"]
[EventDate "2016.05.14"]

1. e4 c5 2. Ne2 d6 3. d4 cxd4 4. Nxd4 Nf6 5. Nc3 g6 6. Bc4 Bg7 7. Be3 O-O 8. f3
Nc6 9. Qd2 Nxd4 10. Bxd4 Be6 11. Bb3 Qa5 12. O-O-O Rfc8 13. Kb1 b5 14. Rhe1
Bxb3 15. cxb3 b4 16. Nd5 Nxd5 17. Bxg7 Nc3+ 18. Bxc3 bxc3 19. bxc3 Rxc3 20. Re3
Rac8 21. Rxc3 Qxc3 22. Qxc3 Rxc3 23. Rc1 Re3 24. Kb2 Re2+ 25. Rc2 Re3 1/2-1/2

[Event "DEM U16 2016"]
[Site "Willingen GER"]
[Date "2016.05.16"]
[Round "3"]
[White "Ravina, David"]
[Black "Schröder, Kevin"]
[Result "0-1"]
[Termination "normal"]
[Board "6"]
[WhiteElo "2129"]
[BlackElo "2361"]
[WhiteClock "00:06:31"]
[BlackClock "00:02:43"]
[PlyCount "124"]
[WhiteFideId "12921858"]
[BlackFideId "12929840"]
[EventCountry "GER"]
[EventRounds "9"]
[EventType "swiss"]
[EventDate "2016.05.14"]

1. e4 e5 2. f4 exf4 3. Bc4 Nf6 4. Nc3 c6 5. Bb3 d5 6. exd5 cxd5 7. d4 Bd6 8.
Nge2 O-O 9. O-O f3 10. Rxf3 Bg4 11. Qf1 Bxf3 12. Qxf3 Nbd7 13. Nxd5 Nxd5 14.
Qxd5 Qc7 15. g3 Rae8 16. Qf3 Qc6 17. Kf2 Nf6 18. Bf4 Ne4+ 19. Kg1 Bxf4 20. Nxf4
Nd2 21. Qxc6 bxc6 22. Kf2 g6 23. Rd1 Ne4+ 24. Kg2 Kg7 25. Ba4 Rc8 26. Re1 Nf6
27. Re7 Rfe8 28. Rxa7 g5 29. Nd3 Re2+ 30. Kf3 Rxh2 31. Ne5 Rf8 32. Bxc6 Rxc2
33. Rb7 h5 34. a4 h4 35. gxh4 gxh4 36. a5 h3 37. Kg3 h2 38. Bh1 Nh5+ 39. Kh4
Rc1 40. Bf3 h1=Q+ 41. Bxh1 Rxh1+ 42. Kg4 Nf6+ 43. Kf3 Ra1 44. b4 Ra3+ 45. Kf4
Nd5+ 46. Ke4 Nc3+ 47. Kf5 Ne2 48. Ke4 Kg8 49. Nc6 Re8+ 50. Kd5 Rc3 51. b5 Re6
52. Ne5 Rc8 53. Nc6 Nc3+ 54. Kc5 Nxb5 55. d5 Nd6 56. Rd7 Ne4+ 57. Kb6 Rf6 58.
a6 Nc3 59. Kb7 Nxd5 60. Rxd5 Rfxc6 61. a7 R6c7+ 62. Kb6 Re7 0-1

[Event "DEM U16 2016"]
[Site "Willingen GER"]
[Date "2016.05.16"]
[Round "3"]
[White "Silber, Kevin"]
[Black "Bergauz, Noam"]
[Result "0-1"]
[Termination "normal"]
[Board "7"]
[WhiteElo "1956"]
[BlackElo "2301"]
[WhiteClock "00:01:36"]
[BlackClock "00:02:10"]
[PlyCount "68"]
[WhiteFideId "12930440"]
[BlackFideId "12938033"]
[EventCountry "GER"]
[EventRounds "9"]
[EventType "swiss"]
[EventDate "2016.05.14"]

1. e4 c6 2. Nc3 d5 3. Nf3 Bg4 4. h3 Bxf3 5. Qxf3 e6 6. b3 Nf6 7. Bb2 Nbd7 8.
O-O-O Qa5 9. Kb1 O-O-O 10. g4 Ne5 11. Qg3 d4 12. Nb5 Ng6 13. Nxd4 e5 14. g5
exd4 15. gxf6 gxf6 16. h4 Qe5 17. h5 Nf4 18. d3 Bh6 19. Bc1 Bg5 20. Bxf4 Qxf4
21. Bh3+ Kc7 22. Qxf4+ Bxf4 23. Bf5 a5 24. Rh4 Bh6 25. Rg1 a4 26. bxa4 Ra8 27.
Rhg4 Rxa4 28. f4 Rha8 29. Bxh7 Rxa2 30. Bg8 Bxf4 31. Bxf7 R2a5 32. R1g2 Ra1+
33. Kb2 Bc1+ 34. Kb3 R1a3+ 0-1

[Event "DEM U16 2016"]
[Site "Willingen GER"]
[Date "2016.05.16"]
[Round "3"]
[White "Savchenko, Daniel"]
[Black "Kitze, Alexander"]
[Result "0-1"]
[Termination "normal"]
[Board "8"]
[WhiteElo "1955"]
[BlackElo "2231"]
[WhiteClock "00:17:26"]
[BlackClock "00:10:26"]
[PlyCount "108"]
[WhiteFideId "12919195"]
[BlackFideId "12914827"]
[EventCountry "GER"]
[EventRounds "9"]
[EventType "swiss"]
[EventDate "2016.05.14"]

1. e4 c5 2. Nf3 d6 3. d4 cxd4 4. Nxd4 Nf6 5. Nc3 a6 6. f4 e5 7. Nf3 Nbd7 8. Bd3
b5 9. a3 Bb7 10. O-O Be7 11. Kh1 O-O 12. Qe1 Rc8 13. fxe5 dxe5 14. Bg5 Nh5 15.
Qh4 Bxg5 16. Nxg5 h6 17. Qxh5 Qxg5 18. Qh3 Nc5 19. Rf3 Nxd3 20. Rxd3 Rc4 21. b3
Rd4 22. Nd5 Rxe4 23. Rg3 Qh4 24. Qxh4 Rxh4 25. Ne7+ Kh8 26. Nf5 Rf4 27. Nd6 Bc6
28. Kg1 Rd4 29. Nf5 Rd2 30. Rf1 Be4 31. Nxg7 Rxg2+ 32. Rxg2 Bxg2 33. Kxg2 Kxg7
34. c4 bxc4 35. bxc4 Rc8 36. Rc1 f5 37. Kf3 Kf6 38. Ke3 Ke6 39. Kd3 Rd8+ 40.
Ke3 f4+ 41. Ke2 Kd6 42. Kf3 Ke6 43. Ke2 e4 44. Rc3 Kd6 45. Rh3 Rb8 46. Rxh6+
Ke5 47. Rh5+ Kd4 48. Rd5+ Kxc4 49. Rd2 Rh8 50. Ke1 e3 51. Rg2 Kd3 52. Rb2 Rc8
53. Kf1 f3 54. Rb3+ Rc3 0-1

[Event "DEM U16 2016"]
[Site "Willingen GER"]
[Date "2016.05.16"]
[Round "3"]
[White "Gungl, Theo"]
[Black "Ovsepyan, Arshak"]
[Result "1-0"]
[Termination "normal"]
[Board "9"]
[WhiteElo "2326"]
[BlackElo "2158"]
[WhiteClock "00:04:36"]
[BlackClock "00:05:44"]
[PlyCount "131"]
[WhiteFideId "24695653"]
[BlackFideId "24690236"]
[EventCountry "GER"]
[EventRounds "9"]
[EventType "swiss"]
[EventDate "2016.05.14"]

1. e4 Nf6 2. e5 Nd5 3. d4 d6 4. c4 Nb6 5. exd6 cxd6 6. Nc3 g6 7. Be3 Bg7 8. Rc1
O-O 9. b3 Nc6 10. Be2 Re8 11. Nf3 Bg4 12. O-O d5 13. c5 Nc8 14. Qd2 Bxf3 15.
Bxf3 e6 16. Rfd1 a6 17. Ne2 N8e7 18. Bg4 Qd7 19. Bh6 Bh8 20. Rc3 Nf5 21. Bxf5
exf5 22. Be3 Re4 23. g3 Rae8 24. Rd3 g5 25. Kh1 R4e6 26. Ng1 h6 27. Nf3 Re4 28.
Rg1 Bg7 29. Ne1 Ne7 30. f3 Re6 31. f4 g4 32. Nc2 h5 33. Kg2 h4 34. a4 Rh6 35.
Re1 hxg3 36. hxg3 Ng6 37. Bf2 Re4 38. Qc1 Bf6 39. Rdd1 Qe6 40. Qd2 Rh3 41. b4
Bd8 42. b5 axb5 43. axb5 Bc7 44. Be3 Qe7 45. Qf2 Nh4+ 46. gxh4 Rf3 47. Qxf3
gxf3+ 48. Kxf3 Qxh4 49. Rh1 Qg4+ 50. Kf2 Rxf4+ 51. Bxf4 Qxf4+ 52. Ke2 Ba5 53.
Ne3 Qe4 54. Rdg1+ Kf8 55. Rh8+ Ke7 56. Rh4 Qe6 57. Rf1 Bc7 58. Rxf5 Qd7 59. Rh7
Qxb5+ 60. Kf3 Qb1 61. Rfxf7+ Ke6 62. Re7+ Kf6 63. Ng4+ Kg5 64. Reg7+ Kf5 65.
Rh5+ Ke6 66. Rh6+ 1-0

[Event "DEM U16 2016"]
[Site "Willingen GER"]
[Date "2016.05.16"]
[Round "3"]
[White "Muckle, Julius"]
[Black "Tiarks, Jann-Christian"]
[Result "1-0"]
[Termination "normal"]
[Board "10"]
[WhiteElo "2163"]
[BlackElo "1983"]
[WhiteClock "00:25:28"]
[BlackClock "00:57:43"]
[PlyCount "73"]
[WhiteFideId "12942430"]
[BlackFideId "12951595"]
[EventCountry "GER"]
[EventRounds "9"]
[EventType "swiss"]
[EventDate "2016.05.14"]

1. d4 Nf6 2. c4 e6 3. Nc3 Bb4 4. Nf3 O-O 5. Bd2 b6 6. e3 Bb7 7. Bd3 d6 8. O-O
Bxc3 9. Bxc3 Ne4 10. Rc1 Nd7 11. b4 c5 12. bxc5 dxc5 13. Bb2 Qf6 14. Qc2 Ng5
15. Nxg5 Qxg5 16. Bxh7+ Kh8 17. Be4 Bxe4 18. Qxe4 Nf6 19. Qf3 Rac8 20. dxc5
bxc5 21. Rfd1 Rb8 22. Bc3 Kg8 23. h3 Qg6 24. Bxf6 gxf6 25. e4 Rfd8 26. Qa3 Qxe4
27. Rxd8+ Rxd8 28. Qxc5 Qf4 29. Qe3 Qg5 30. c5 Rc8 31. c6 a6 32. c7 Qa5 33. Qd3
Qb6 34. Qd7 Qb7 35. Kh2 Kg7 36. Rc3 Kh6 37. Qxf7 1-0

[Event "DEM U16 2016"]
[Site "Willingen GER"]
[Date "2016.05.16"]
[Round "3"]
[White "Polster, Christian"]
[Black "Schlick, Stefan"]
[Result "1-0"]
[Termination "normal"]
[Board "11"]
[WhiteElo "2150"]
[BlackElo "1918"]
[WhiteClock "00:14:53"]
[BlackClock "00:31:13"]
[PlyCount "53"]
[WhiteFideId "12965081"]
[BlackFideId "16211332"]
[EventCountry "GER"]
[EventRounds "9"]
[EventType "swiss"]
[EventDate "2016.05.14"]

1. e4 c6 2. Nc3 d5 3. Nf3 Nf6 4. e5 Ne4 5. d4 Nxc3 6. bxc3 e6 7. Bd3 c5 8. O-O
c4 9. Be2 Be7 10. Ne1 Qa5 11. Bd2 Na6 12. f4 g6 13. f5 Bd7 14. fxe6 fxe6 15.
Rb1 O-O-O 16. Rf7 Ba3 17. Bg4 Rdf8 18. Qf3 Nc7 19. g3 Be8 20. Rf6 h5 21. Bh3
Be7 22. Rxe6 Bd7 23. Rxe7 Rxf3 24. Bxd7+ Kd8 25. Bg5 Ne6 26. Bxe6 Qxc3 27.
Rexb7+ 1-0

[Event "DEM U16 2016"]
[Site "Willingen GER"]
[Date "2016.05.16"]
[Round "3"]
[White "Spitzl, Vinzent"]
[Black "Oberhofer, Cédric"]
[Result "1-0"]
[Termination "normal"]
[Board "12"]
[WhiteElo "2253"]
[BlackElo "2090"]
[WhiteClock "00:06:04"]
[BlackClock "00:01:43"]
[PlyCount "73"]
[WhiteFideId "12901253"]
[BlackFideId "12941220"]
[EventCountry "GER"]
[EventRounds "9"]
[EventType "swiss"]
[EventDate "2016.05.14"]

1. e4 c5 2. Nf3 d6 3. d4 cxd4 4. Nxd4 Nf6 5. Nc3 a6 6. Qd3 Nbd7 7. Be2 Qc7 8.
O-O g6 9. Bg5 Bg7 10. Qe3 O-O 11. Rad1 b5 12. f4 Bb7 13. Bf3 e5 14. fxe5 Nxe5
15. Be2 Nfd7 16. a3 Nb6 17. Qg3 Nbc4 18. Bxc4 bxc4 19. Bf6 Bxf6 20. Rxf6 Kh8
21. Kh1 Rad8 22. Rdf1 Qe7 23. Qf4 Rfe8 24. Nd5 Bxd5 25. exd5 Rc8 26. Nc6 Rxc6
27. dxc6 Rc8 28. Qd4 Kg8 29. Qxd6 Qxd6 30. Rxd6 Nxc6 31. Kg1 f5 32. Re1 c3 33.
bxc3 Kf8 34. Ree6 Ne7 35. Rxa6 Rxc3 36. Ra7 Nd5 37. Rd6 1-0

[Event "DEM U16 2016"]
[Site "Willingen GER"]
[Date "2016.05.16"]
[Round "3"]
[White "Martin, Julian"]
[Black "Degenhard, Simon"]
[Result "1-0"]
[Termination "normal"]
[Board "13"]
[WhiteElo "2325"]
[BlackElo "1967"]
[WhiteClock "00:03:23"]
[BlackClock "00:06:37"]
[PlyCount "77"]
[WhiteFideId "12941000"]
[BlackFideId "12944017"]
[EventCountry "GER"]
[EventRounds "9"]
[EventType "swiss"]
[EventDate "2016.05.14"]

1. e4 e6 2. d4 d5 3. Nd2 Nf6 4. e5 Nfd7 5. Bd3 c5 6. c3 Nc6 7. Ne2 cxd4 8. cxd4
f6 9. exf6 Nxf6 10. O-O Bd6 11. Nf3 Qc7 12. h3 O-O 13. Nc3 a6 14. Be3 Bf4 15.
Re1 g6 16. Rc1 Nh5 17. Bb1 Qg7 18. Na4 Bd6 19. Nc5 Nf4 20. Nd3 Bd7 21. a3 Rae8
22. b4 b6 23. Ba2 Rf5 24. Nxf4 Bxf4 25. Qd3 Bxe3 26. fxe3 Ref8 27. Rf1 b5 28.
Rce1 R5f6 29. e4 Qf7 30. Kh2 Rf4 31. exd5 Nxd4 32. Ne5 Qg7 33. Rxf4 Rxf4 34.
Nxd7 Qxd7 35. dxe6 Qe7 36. Qe3 Nc2 37. Qxf4 Nxe1 38. Qb8+ Kg7 39. Qe5+ 1-0

[Event "DEM U16 2016"]
[Site "Willingen GER"]
[Date "2016.05.16"]
[Round "3"]
[White "Wurst, Maximilian"]
[Black "Wiesner, Alexander"]
[Result "0-1"]
[Termination "normal"]
[Board "14"]
[WhiteElo "1751"]
[BlackElo "1832"]
[WhiteClock "01:04:34"]
[BlackClock "00:10:14"]
[PlyCount "66"]
[WhiteFideId "12971812"]
[BlackFideId "12943991"]
[EventCountry "GER"]
[EventRounds "9"]
[EventType "swiss"]
[EventDate "2016.05.14"]

1. e4 e6 2. d4 d5 3. e5 c5 4. c3 Nc6 5. Nf3 Qb6 6. a3 Bd7 7. Be2 Nh6 8. b4 cxd4
9. cxd4 Nf5 10. Be3 Rc8 11. O-O Nxe3 12. fxe3 Ne7 13. Qd2 Bb5 14. Bxb5+ Qxb5
15. Rc1 Rxc1+ 16. Qxc1 Qd7 17. Nbd2 Nf5 18. Qc3 Be7 19. Rc1 Bd8 20. Kf2 O-O 21.
Nb3 Bb6 22. Nc5 Qc7 23. Nd3 Qd8 24. g3 f6 25. a4 fxe5 26. Ndxe5 a5 27. b5 Qd6
28. Rc2 Nxd4 29. exd4 Qxe5 30. Kg2 Qe4 31. Rd2 Bxd4 32. Qxd4 Qxf3+ 33. Kh3 Rf5
0-1

[Event "DEM U16 2016"]
[Site "Willingen GER"]
[Date "2016.05.16"]
[Round "3"]
[White "Piskaykin, Bogdan"]
[Black "Zimmer, Luca"]
[Result "1-0"]
[Termination "normal"]
[Board "15"]
[WhiteElo "1869"]
[BlackElo "1598"]
[WhiteClock "00:27:55"]
[BlackClock "00:26:05"]
[PlyCount "93"]
[WhiteFideId "12941212"]
[BlackFideId "12921424"]
[EventCountry "GER"]
[EventRounds "9"]
[EventType "swiss"]
[EventDate "2016.05.14"]

1. e4 e6 2. d4 d5 3. Nd2 Nf6 4. Bd3 c5 5. c3 Nc6 6. Ngf3 cxd4 7. cxd4 Nb4 8.
Bb1 dxe4 9. Nxe4 Be7 10. Nc3 Nbd5 11. O-O O-O 12. Qd3 Nb4 13. Qe2 b6 14. Qd1
Bb7 15. a3 Nbd5 16. Re1 Qc7 17. Nxd5 Bxd5 18. Ne5 Rac8 19. Bg5 Ne8 20. Bf4 Bd6
21. Qd3 g6 22. Bh6 Ng7 23. Ng4 Bc4 24. Nf6+ Kh8 25. Qh3 Rg8 26. Nxg8 Kxg8 27.
b3 Bd5 28. Be4 Bxe4 29. Rxe4 Nf5 30. Rae1 Bxa3 31. Bf4 Bd6 32. Bxd6 Nxd6 33.
Rh4 Qc1 34. Kf1 Qc3 35. Qxc3 Rxc3 36. Rh3 Rc2 37. Re2 Rc1+ 38. Re1 Rc2 39. Rd3
a5 40. d5 exd5 41. Rxd5 Nf5 42. g4 Nh6 43. h3 Rc3 44. Re3 Rc1+ 45. Kg2 f5 46.
Rd7 Nf7 47. Re8+ 1-0

[Event "DEM U16 2016"]
[Site "Willingen GER"]
[Date "2016.05.17"]
[Round "4"]
[White "Urban, Konstantin"]
[Black "Buckels, Valentin"]
[Result "1/2-1/2"]
[Termination "normal"]
[Board "1"]
[WhiteElo "2242"]
[BlackElo "2240"]
[WhiteClock "00:33:15"]
[BlackClock "00:29:35"]
[PlyCount "110"]
[WhiteFideId "12927511"]
[BlackFideId "12942766"]
[EventCountry "GER"]
[EventRounds "9"]
[EventType "swiss"]
[EventDate "2016.05.14"]

1. e4 c5 2. Nf3 e6 3. d4 cxd4 4. Nxd4 Nc6 5. Nc3 Qc7 6. Be2 Nf6 7. f4 Nxd4 8.
Qxd4 Bc5 9. Qd3 d6 10. Be3 O-O 11. O-O-O Bxe3+ 12. Qxe3 a6 13. Bf3 e5 14. f5 b5
15. g4 b4 16. Nd5 Nxd5 17. Rxd5 Bb7 18. Rd2 Qc5 19. Qxc5 dxc5 20. Rd7 Bc6 21.
Rd6 Rac8 22. Rhd1 a5 23. h4 a4 24. g5 f6 25. Kd2 c4 26. Ke3 Be8 27. Rb6 b3 28.
axb3 cxb3 29. cxb3 axb3 30. Rd2 Ba4 31. Rb4 Ra8 32. Be2 Rfb8 33. Bc4+ Kf8 34.
Rxb8+ Rxb8 35. gxf6 gxf6 36. Rg2 Be8 37. Rg8+ Ke7 38. Rg7+ Kd6 39. Rxh7 Rc8 40.
Kd3 Bc6 41. Bxb3 Rb8 42. Bc4 Rxb2 43. Rf7 Rh2 44. Rxf6+ Kc5 45. Bd5 Bxd5 46.
exd5 Kxd5 47. Rh6 e4+ 48. Ke3 Ke5 49. f6 Rh3+ 50. Ke2 Rf3 51. Rg6 Rxf6 52. Rxf6
Kxf6 53. Ke3 Kf5 54. h5 Kg5 55. Kxe4 Kxh5 1/2-1/2

[Event "DEM U16 2016"]
[Site "Willingen GER"]
[Date "2016.05.17"]
[Round "4"]
[White "Pallas, Sebastian"]
[Black "Kololli, Martin"]
[Result "0-1"]
[Termination "normal"]
[Board "2"]
[WhiteElo "2225"]
[BlackElo "2259"]
[WhiteClock "00:00:35"]
[BlackClock "00:02:13"]
[PlyCount "90"]
[WhiteFideId "12905453"]
[BlackFideId "12936910"]
[EventCountry "GER"]
[EventRounds "9"]
[EventType "swiss"]
[EventDate "2016.05.14"]

1. e4 e5 2. Nf3 Nc6 3. d4 exd4 4. Nxd4 Qf6 5. Nxc6 Bc5 6. Qf3 dxc6 7. Bc4 Ne7
8. Qxf6 gxf6 9. Bf4 Bb6 10. Nd2 Ng6 11. Bg3 h5 12. f3 Ne5 13. Bf2 Ba5 14. c3
Rg8 15. Rg1 Be6 16. Bxe6 fxe6 17. Ke2 Bb6 18. Bxb6 axb6 19. Nf1 Rd8 20. b3 Nd3
21. Ke3 Ne5 22. Ke2 Ng6 23. Ke3 e5 24. g3 Nf4 25. Rh1 Rd3+ 26. Kf2 Nh3+ 27. Ke2
Rxc3 28. Ne3 b5 29. Rad1 Ng5 30. Rd2 Ne6 31. Nf5 c5 32. Rd3 Rc2+ 33. Rd2 Nd4+
34. Nxd4 Rxd2+ 35. Kxd2 cxd4 36. Rc1 Kd7 37. Kd3 Kd6 38. Rf1 Ra8 39. f4 Ke6 40.
fxe5 fxe5 41. Rf5 c5 42. Rxh5 c4+ 43. bxc4 Ra3+ 44. Kc2 d3+ 45. Kd2 bxc4 0-1